UBT Library

Parallel execution of logic programs / (Record no. 41394)

000 -LEADER
fixed length control field 00561pam a2200217 a 4500
001 - CONTROL NUMBER
control field 517657
005 - DATE AND TIME OF LATEST TRANSACTION
control field 20180131080003.0
008 - FIXED-LENGTH DATA ELEMENTS--GENERAL INFORMATION
fixed length control field 861105s1987 maua b 001 0 eng
010 ## - LIBRARY OF CONGRESS CONTROL NUMBER
LC control number 86027838
020 ## - INTERNATIONAL STANDARD BOOK NUMBER
International Standard Book Number 0898381940
040 ## - CATALOGING SOURCE
Original cataloging agency DLC
Transcribing agency DLC
Modifying agency DLC
041 ## - LANGUAGE CODE
Language code of text/sound track or separate title eng
080 ## - UNIVERSAL DECIMAL CLASSIFICATION NUMBER
Universal Decimal Classification number 004.35 joh
082 00 - DEWEY DECIMAL CLASSIFICATION NUMBER
Classification number 004.35 joh
Edition number 19
100 1# - Rafti
Rafti 30
101 ## - Shkurtesa
Shkurtesa shk
245 10 - TITLE STATEMENT
Title Parallel execution of logic programs /
Statement of responsibility, etc by John S. Conery.
504 ## - BIBLIOGRAPHY, ETC. NOTE
Bibliography, etc Bibliography: p. [133]-141.
906 ## - LOCAL DATA ELEMENT F, LDF (RLIN)
a 7
b cbc
c orignew
d 1
e ocip
f 19
g y-gencatlg
942 ## - ADDED ENTRY ELEMENTS (KOHA)
Source of classification or shelving scheme
Item type Books
Holdings
Withdrawn status Lost status Source of classification or shelving scheme Damaged status Not for loan Collection code Permanent location Current location Shelving location Date acquired Total Checkouts Full call number Barcode Date last seen Price effective from Koha item type
          Koleksioni i përgjithshem UBT - Lipjan UBT - Lipjan Koleksioni i përgjithshem 01/31/2018   004.35 joh 002-2998023 01/31/2018 01/31/2018 Books
UBT Library © 2015-2024. All rights reserved University Education for Business and Technology